Web technology : TCP/IP to internet application architectures (Record no. 481)

MARC details
000 -LEADER
Fixed length control field 00528nam a2200181 4500
003 - CONTROL NUMBER IDENTIFIER
Control field SEACOMMC
005 - DATE AND TIME OF LATEST TRANSACTION
Control field 20231114074139.0
008 - FIXED-LENGTH DATA ELEMENTS--GENERAL INFORMATION
Fixed length control field 231114b |||||||| |||| 00| 0 eng d
020 ## - INTERNATIONAL STANDARD BOOK NUMBER / ISBN
Price Rs.275.00
040 ## - CATALOGING SOURCE
Original cataloging agency SEACOMMC
082 ## - DEWEY DECIMAL CLASSIFICATION NUMBER
Classification number 006.76
Book Number G577
100 1# - MAIN ENTRY--PERSONAL NAME
Personal name Godbole,Achyut S.
245 1# - TITLE STATEMENT
Title Web technology : TCP/IP to internet application architectures
Statement of responsibility Achyut S. Godbole Atul Kahate
260 1# - IMPRINT
Place of publication New Delhi
Name of publisher Tata McGraw Hill
Date of publication 2005
650 1# - SUBJECT ADDED ENTRY--TOPICAL TERM
Topical term Computer science,Multimedia systems
700 1# - ADDED ENTRY--PERSONAL NAME
Personal name Kahate,Atul
942 ## - ADDED ENTRY ELEMENTS (KOHA)
Koha item type Books
Holdings
Withdrawn status Lost status Source of classification Damaged status Not for loan Home library Current library Date acquired Total Checkouts Call number Accession number Checked out Date last seen Date checked out Copy number Price effective from Koha item type
    Dewey Decimal Classification     SEACOM MANAGEMENT COLLEGE SEACOM MANAGEMENT COLLEGE 01/06/2006 1 006.76 G577 00275 20/11/2025 06/11/2025 06/11/2025 6 14/11/2023 Books
    Dewey Decimal Classification     SEACOM MANAGEMENT COLLEGE SEACOM MANAGEMENT COLLEGE 01/06/2006   006.76 G577 00276   14/11/2023   7 14/11/2023 Books
    Dewey Decimal Classification     SEACOM MANAGEMENT COLLEGE SEACOM MANAGEMENT COLLEGE 01/06/2006   006.76 G577 00277   14/11/2023   8 14/11/2023 Books
    Dewey Decimal Classification     SEACOM MANAGEMENT COLLEGE SEACOM MANAGEMENT COLLEGE 01/06/2006   006.76 G577 00278   14/11/2023   9 14/11/2023 Books
    Dewey Decimal Classification     SEACOM MANAGEMENT COLLEGE SEACOM MANAGEMENT COLLEGE 01/06/2006   006.76 G577 00279   14/11/2023   10 14/11/2023 Books
    Dewey Decimal Classification     SEACOM MANAGEMENT COLLEGE SEACOM MANAGEMENT COLLEGE 01/06/2006   006.76 G577 00280   14/11/2023   11 14/11/2023 Books
© Seacom Engineering College, All rights reserved.    Powered by Koha